The house of seven gables / (رقم التسجيلة. 19115)
[ عرض عادي ]
| 000 -الفاتح | |
|---|---|
| حقل البيانات ثابتة الطول | 00855nam a22003011a 4500 |
| 001 - رقم الضبط | |
| رقم الضبط | 015646696 |
| 003 - محدد رقم الضبط | |
| رقم الضبط | OSt |
| 005 - وقت وتاريخ اخر تعامل مع التسجيلة | |
| رقم الضبط | 20150408113952.0 |
| 007 - الحقل الثابت للوصف المادى- معلومات عامة | |
| حقل البيانات ثابتة الطول | ta |
| 008 - عناصر البيانات ثابتة الطول - معلومات عامة | |
| حقل البيانات ثابتة الطول | 111203s20091851enk | 00| 1 eng d |
| 015 ## - رقم الببليوجرافية الوطنية | |
| رقم الببليوجرافية الوطنية | GBB184947 |
| المصدر | bnb |
| 020 ## - الرقم الدولى المعيارى للكتب | |
| الرقم الدولى المعيارى للكتاب | 9780199539123 |
| 040 ## - مصدر الفهرسة | |
| وكالة الفهرسة الأصلية | IiNdDKA |
| لغة الفهرسة | eng |
| وكالة النسخ | MU |
| 042 ## - رمز التحقق | |
| رمز التحقق | ukblsr |
| 043 ## - رمز المنطقة الجغرافية | |
| رمز المنطقة الجغرافية | n-us-ma |
| 082 04 - رقم تصنيف ديوى العشرى | |
| رقم التصنيف | 823.3 H N H |
| رقم الطبعة | 23 |
| 100 1# - المدخل الرئيسى - إسم شخصى | |
| الإسم الشخصى | Hawthorne, Nathaniel, |
| التواريخ المصاحبة للاسم | 1804-1864. |
| 9 (RLIN) | 6812 |
| 245 14 - بيان العنوان | |
| العنوان | The house of seven gables / |
| بيان المسئوليه,etc | Nathaniel Hawthorne. |
| 260 ## - PUBLICATION, DISTRIBUTION, ETC. (IMPRINT) | |
| مكان الناشر او الموزع | London : |
| اسم الناشر او الموزع | Bibliolis Books, |
| تاريخ النشر أو التوزيع | 2010. |
| 300 ## - الوصف المادى | |
| التعداد | 278 p. ; |
| أبعاد الوعاء | 21 cm. |
| 490 0# - بيان السلسلة | |
| عنوان السلسلة | Bibliolis classics |
| 650 #0 - المدخل الاضافى بالموضوع-مصطلح موضوعى | |
| مصطلح موضوعي أو اسم جغرافي كعنصر مدخل | Haunted houses |
| التقسيم الفرعي الشكلي | Fiction. |
| 9 (RLIN) | 6813 |
| 651 #0 - المدخل الاضافى بالموضوع - اسم جغرافى | |
| الاسم الجغرافي | Salem (Mass.) |
| التقسيم الفرعي الشكلي | Fiction. |
| 9 (RLIN) | 6814 |
| 655 #0 - مصطلح تكشيفى-نوع/شكل | |
| بيانات النوع/ الشكل أو المصطلح الأساسي | Occult fiction. |
| 9 (RLIN) | 6815 |
| 655 #0 - مصطلح تكشيفى-نوع/شكل | |
| بيانات النوع/ الشكل أو المصطلح الأساسي | Historical fiction. |
| 9 (RLIN) | 6816 |
| 942 ## - عناصر المدخل الإضافي( كوها) | |
| مصدر التصنيف او مخطط الترفيف | Dewey Decimal Classification |
| Koha [default] item type | DVD |
| حالة الفقد | نموذج السعر الفعال | حالة تلف | ليس للاعارة | رقم الطلب | تاريخ الاكتساب | الموقع الحالي | الباركود | الفرع الرئيسي | Date last seen | نوع المادة فى نظام كوها | مصدر التصنيف او خطة الترفيف | Total Checkouts |
|---|---|---|---|---|---|---|---|---|---|---|---|---|
| 2013-03-10 | 823.3 H N H | 2011-12-03 | قسم الاجراءات الفنية (IC) | 00101263 | قسم الاجراءات الفنية (IC) | 2013-03-10 | كتاب | Dewey Decimal Classification | ||||
| 2013-03-10 | 823.3 H N H | 2011-12-03 | قسم الاجراءات الفنية (IC) | 00101264 | قسم الاجراءات الفنية (IC) | 2013-03-10 | كتاب | Dewey Decimal Classification |
